000 00350nam a22001457a 4500
020 _a9789350974728
082 _a305.8 BHA
100 _aBhandarkar P.L.
245 _aMethodology and Techniques of Social Research
250 _a24th
260 _aMumbai
_bHimalaya Publishing House
_c2013
300 _a437
650 _aSocial work
942 _cBK
999 _c19933
_d19933